[Event "VIE-chB (Women)"]
[Site "Ba Dinh"]
[Date "2018.12.02"]
[Round "7"]
[White "Luong, Hoang Tu Linh"]
[Black "Pham, Thi Bich Ngoc"]
[Result "0-1"]
[WhiteElo "1581"]
[BlackElo "2193"]
[PlyCount "90"]
[EventDate "2018.11.28"]
[EventType "swiss"]
[EventRounds "9"]
[EventCountry "VIE"]
[SourceTitle "EXT 2021"]
[Source "ChessBase"]
[SourceDate "2020.10.23"]
[SourceVersion "1"]
[SourceVersionDate "2020.10.23"]
[SourceQuality "1"]

1. d4 f5 2. g3 Nf6 3. Bg2 g6 4. Nf3 Bg7 5. 0-0 0-0 6. c4 d6 7. Nc3 c6 8. Qc2 Qc7 9. e4 fxe4 10. Nxe4 Bf5 11. Nh4 Nxe4 12. Nxf5 gxf5 13. Bxe4 fxe4 14. Qxe4 e5 15. d5 c5 16. h4 Nd7 17. h5 Nf6 18. Qh4 h6 19. Kg2 Qd7 20. f3 Qf5 21. Be3 Qxh5 22. Qxh5 Nxh5 23. Rh1 Nf6 24. Bxh6 Bxh6 25. Rxh6 Kg7 26. Rah1 Rh8 27. Rxh8 Rxh8 28. Re1 a6 29. f4 Nd7 30. g4 Kf6 31. f5 Kg5 32. Re3 Nf6 33. Rb3 Rh7 34. Rb6 Rd7 35. b4 cxb4 36. Rxb4 Nxg4 37. Kg3 Nf6 38. a4 Kxf5 39. Kf3 Ne4 40. a5 Nc5 41. Rb2 Rh7 42. Rb6 e4+ 43. Ke2 Ke5 44. Ke3 Rh3+ 45. Ke2 Rb3 0-1

[Event "VIE-chB (Women)"]
[Site "Ba Dinh"]
[Date "2018.11.30"]
[Round "4"]
[White "Pham, Thi Bich Ngoc"]
[Black "Nguyen, Hong Anh"]
[Result "0-1"]
[WhiteElo "2193"]
[BlackElo "1880"]
[PlyCount "86"]
[EventDate "2018.11.28"]
[EventType "swiss"]
[EventRounds "9"]
[EventCountry "VIE"]
[SourceTitle "EXT 2021"]
[Source "ChessBase"]
[SourceDate "2020.10.23"]
[SourceVersion "1"]
[SourceVersionDate "2020.10.23"]
[SourceQuality "1"]

1. d4 Nf6 2. c4 g6 3. Nc3 d5 4. cxd5 Nxd5 5. Na4 Bg7 6. e4 Nb6 7. Be3 0-0 8. Nf3 Nxa4 9. Qxa4 c5 10. Rd1 Qb6 11. Rd2 cxd4 12. Nxd4 Qf6 13. Nb5 Nc6 14. Nc7 Rb8 15. Bb5 a6 16. Nd5 Qe6 17. Be2 b5 18. Qc2 Bb7 19. 0-0 Rbc8 20. Qb1 Ne5 21. b3 Bxd5 22. Rxd5 Ng4 23. Bxg4 Qxg4 24. Rfd1 Qe6 25. Bc5 Bf6 26. b4 Rc7 27. f4 Qg4 28. e5 Bg7 29. Qc1 a5 30. a3 axb4 31. axb4 f6 32. Qe3 fxe5 33. fxe5 Qe6 34. Qe2 Rf5 35. Qxb5 Bxe5 36. Rd8+ Kg7 37. R8d7 Rxc5 38. bxc5 Bxh2+ 39. Kh1 Rh5 40. Rxe7+ Qxe7 41. Rd7 Bd6+ 42. Kg1 Bxc5+ 43. Qxc5 Qxd7 0-1

[Event "VIE-ch (Women)"]
[Site "Bac Giang"]
[Date "2016.06.24"]
[Round "4"]
[White "Nguyen, Thanh Thuy Tien"]
[Black "Pham, Thi Bich Ngoc"]
[Result "0-1"]
[WhiteElo "1978"]
[BlackElo "2192"]
[PlyCount "76"]
[EventDate "2016.06.22"]
[EventType "swiss"]
[EventRounds "9"]
[EventCountry "VIE"]
[SourceTitle "EXT 2017"]
[Source "ChessBase"]
[SourceDate "2016.10.25"]
[SourceVersion "1"]
[SourceVersionDate "2016.10.25"]
[SourceQuality "1"]

1. e4 g6 2. d4 Bg7 3. c4 d6 4. Nc3 Nc6 5. Be3 e5 6. d5 Nce7 7. g4 h5 8. gxh5 Rxh5 9. Be2 Rh8 10. h4 f5 11. Bg5 f4 12. h5 Bf6 13. Nh3 Bxh3 14. Bxf6 Nxf6 15. Rxh3 Qd7 16. Qd3 g5 17. h6 g4 18. Rh2 Neg8 19. Bd1 0-0-0 20. Ba4 Qe7 21. b4 Nxh6 22. Nb5 Kb8 23. Qa3 a6 24. Nc3 Nf5 25. Rxh8 Rxh8 26. exf5 Rh1+ 27. Kd2 Rxa1 28. Bc6 e4 29. b5 Qe5 30. bxa6 Qd4+ 31. Kc2 Qxf2+ 32. Kb3 bxc6 33. dxc6 Qb6+ 34. Nb5 Qe3+ 35. Nc3 Rb1+ 36. Ka4 Rb6 37. a7+ Kxa7 38. Nb5+ Rxb5 0-1

[Event "VIE-ch Resolution (Women) 7th"]
[Site "Bac Giang"]
[Date "2014.12.12"]
[Round "7"]
[White "Pham, Thi Bich Ngoc"]
[Black "Le, Thi Ha"]
[Result "1-0"]
[WhiteElo "2163"]
[BlackElo "1981"]
[PlyCount "95"]
[EventDate "2014.12.05"]
[EventType "swiss"]
[EventRounds "9"]
[EventCountry "VIE"]
[SourceTitle "EXT 2019"]
[Source "ChessBase"]
[SourceDate "2018.10.10"]
[SourceVersion "1"]
[SourceVersionDate "2018.10.10"]
[SourceQuality "1"]

1. c4 Nf6 2. Nf3 b6 3. g3 e6 4. Bg2 Bb7 5. 0-0 Be7 6. Nc3 c5 7. d4 d6 8. Qa4+ Bc6 9. Qc2 cxd4 10. Nxd4 Bxg2 11. Kxg2 0-0 12. Rd1 a6 13. e4 Qc7 14. Qe2 Nbd7 15. Be3 Rfc8 16. b3 b5 17. cxb5 Qxc3 18. Rac1 Qa5 19. Nc6 Rxc6 20. bxc6 Nc5 21. Rd4 Qb5 22. Qxb5 axb5 23. c7 e5 24. Rb4 Ne8 25. Rxb5 Nxc7 26. Rb7 Bd8 27. Bxc5 dxc5 28. Rxc5 Ne8 29. Rd5 Nf6 30. Rxe5 Kf8 31. a4 Ne8 32. Rd5 f6 33. Rdd7 Ba5 34. b4 Bd8 35. h4 h5 36. a5 Bxa5 37. bxa5 Rxa5 38. Rd5 Ra4 39. Rxh5 Kg8 40. Re7 Kf8 41. Rd7 Kg8 42. e5 fxe5 43. Re7 Nf6 44. Rg5 Ra2 45. Rgxg7+ Kh8 46. Rgf7 Ra6 47. Rf8+ Ng8 48. h5 1-0